| 000 | 01542cad a22002415a 4500 | ||
|---|---|---|---|
| 001 | L147009 | ||
| 008 | 090323s2009 xxkad f s 000 0 eng d | ||
| 035 | _a(Sirsi) u147009 | ||
| 041 | 0 | _aeng | |
| 050 | 0 | 4 | _a333.33 $2 18 |
| 110 | 2 |
_aRoyal Institution of Chartered Surveyors _bEconomics _95033 |
|
| 245 | 0 | 0 |
_aRICS global commercial property survey United Kingdom _bQ4 2008 _h[electronic resource] |
| 260 |
_aLondon _bRICS _c2008 |
||
| 490 | 0 |
_aRICS Global Commercial Property Survey United Kingdom _vQ4 2008 |
|
| 520 | _aSuggests that capital values have fallen across many emerging markets for the first time in the survey?s history, showing that no real estate market has been able to escape the global economic downturn. Those countries which had previously shown some resilience, such as the UAE, China, Turkey and Brazil, have now seen a sharp turnaround in lettings activity which has reduced confidence in the outlook for both capital values and investment interest. Rents are also expected to fall across every world region and investor activity has also fallen as the lack of credit intensifies. Financial instability has led to a sharp re-pricing of risk across emerging markets. | ||
| 521 | _aAdvanced | ||
| 590 | _aKA | ||
| 650 | 2 | 4 | _aRICS GLOBAL COMMERCIAL PROPERTY SURVEY |
| 651 | 4 | _aInternational | |
| 690 | _aPROPERTY-COMMERCIAL PROPERTY-COMMERCIAL PROPERTY MARKET | ||
| 856 | 4 | 0 |
_uhttps://www.rics.org/site/download_feed.aspx?fileID=42&fileExtension=PDF _zView the survey free of charge at www.rics.org |
| 942 | _n0 | ||
| 999 |
_c109396 _d109396 |
||